| 000 | 00924nam a2200217 a 4500 | ||
|---|---|---|---|
| 001 | 004456 | ||
| 003 | BD-ChCU | ||
| 008 | Ben | ||
| 020 | _a | ||
| 040 |
_aDLC _cDLC _dBD-ChCU |
||
| 082 | 0 | 0 | _a১৯০/ভট্টা৪২পা |
| 100 | 1 |
_aভট্টাচার্য, চন্দ্রোদয় _b- |
|
| 245 | 1 | 0 |
_aপাশ্চাত্ত্য দর্শনের ইতিহাস _bআধুনিক যুগ-যুক্তিবাদ (দেকর্াৎ, স্পিনোজ ও লাইবনিজ) |
| 250 | _a*** | ||
| 260 |
_aকলিকাতা _bপশ্চিম বংগ রাজ্য পুস্তক পর্ষদ _c১৯৯১ |
||
| 300 | _a** | ||
| 504 | _aনির্ঘন্ট সম্বলিত Biblio- | ||
| 650 | 0 |
_aদর্শন, পাশ্চাত্য _bদর্শন, পাশ্চাত্য |
|
| 700 | 1 | _a- | |
| 942 |
_2ddc _cBK |
||
| 999 |
_c4456 _d4456 |
||